000 01687nam a2200469 i 4500
001 32535
003 KOSZ 005
005 20220427144144.0
008 970903s1990 pl a |000 0 pol
015 _aUWD 1990/10690
020 _a832232555X
035 _a991002486669705066
035 _a(PL-WaBN)b10683550-48omnis_nlop
035 _ab10683550
035 _a(OCoLC)749741697
035 _azz2005892145
035 _a(PL)b0000001068355
035 _a(EXLNZ-48OMNIS_NETWORK)9910341356405606
040 _aWA N
_cWA N
_dKOSZ 005/HR
046 _k1990
080 _a339.72(100)"19"
080 _a336.27(100)"19"
245 0 0 _aŚwiat w obliczu kryzysu zadłużeniowego :
_braport dla Klubu Rzymskiego : praca zbiorowa /
_cpod red. Stanisława Rączkowskiego ; [aut. Bogusław Jasiński et al.].
260 _aWarszawa :
_b"Interpress",
_c1990.
300 _a172 s. :
_bwykr. ;
_c20 cm.
336 _aTekst
_btxt
_2rdacontent
337 _aBez urządzenia pośredniczącego
_bn
_2rdamedia
338 _aWolumin
_bnc
_2rdacarrier
380 _aKsiążki
388 _a1901-2000
388 _a1989-2000
500 _aU dołu s. tyt. i okł. : Publikacja Polskiego Towarzystwa Współpracy z Klubem Rzymskim.
504 _aBibliogr. s. 170.
650 7 _aDług publiczny
_2DBN
650 7 _aFinanse międzynarodowe
658 _aGospodarka, ekonomia, finanse
700 1 _aJasiński, Bogusław
_d(1931-2009)
_eAutor
700 1 _aRączkowski, Stanisław
_d(1912-2006)
_eRedakcja
856 _uhttp://koha.tu.koszalin.pl/cgi-bin/koha/opac-detail.pl?biblionumber=32535
_yKatalog online BPK
942 _2UKD
_cKS
999 _c32535
_d32535